| 000 | 00364nam a2200133Ia 4500 | ||
|---|---|---|---|
| 008 | 240624s9999 xx 000 0 und d | ||
| 041 | _aeng | ||
| 082 | _a413 CLA | ||
| 100 | _aCLARK JOHN O E | ||
| 245 | _aDICTIONARY OF INTERNATIONAL BUSINESS TER | ||
| 260 |
_c2001 _aUnited Kingdom _bFinancial World Publishing |
||
| 300 | _a368 : p. : cm. ; 20 | ||
| 365 |
_cRS _b25 |
||
| 999 |
_c23554 _d23554 |
||